000 00346nam a2200157Ia 4500
003 OSt
005 20231128042658.0
008 170524s9999 xx 000 0 und d
020 _a9788126537297
040 _cIIMT UNIVERSITY
100 _aPOONIAH- PAULRAJ
100 _c2012
245 0 _aDATA WAREHOUSING
260 _aWILEY
942 _2ddc
_c02
999 _c2968
_d2968